000 00930ngm a22003370a 4500
001 PT19337
003 AR-LpoUNG
005 20210202000303.0
007 vd cvaizq
008 191001s2000||||ag |||||||||||||||||spa d
037 _c$16.63
040 _aAR-LpoUNG
_bspa
_cAR-LpoUNG
_eaacr
041 _aspa
044 _aag
082 0 _a982.065 113his
100 1 _aHabegger, Andrés
_edir.
245 1 0 _aHistorias cotidianas
260 _aBuenos Aires :
_bBlackman,
_c2000.
300 _aVHS (80 min.) : son., col.
520 _aCuenta la historia de vida de seis hijos de personas desaparecidas durante la Ășltima dictadura militar en la Argentina.
650 4 _aARGENTINA
650 4 _aDICTADURA
650 4 _aGOBIERNO MILITAR
650 4 _aHISTORIA SOCIAL
651 4 _aArgentina
653 _aDOCUMENTALES
653 _aVIDEOS
700 1 _aBlaustein, David
_eprod.
905 _a19337
942 _cVIDEO
999 _c54531
_d54531